Logo BPK

Biblioteka

Politechniki Koszalińskiej

John Brown's Body / (Rekord nr 48357)

Szczegóły MARC
000 -ETYKIETA REKORDU
podpole kontrolne o stałej długości 00653nam a2200205 i 4500
001 - NUMER KONTROLNY REKORDU
pole kontrolne bgj
040 ## - ŹRÓDŁO KATALOGOWANIA
Instytucja, która utworzyła rekord BPK
041 0# - KOD JĘZYKA
Kod języka tekstu eng
008 - POLE O STAŁEJ DŁUGOŚCI - DANE KONTROLNE
podpole kontrolne o stałej długości s uk f |000 0 eng
100 1# - NAZWA OSOBOWA
Nazwa osobowa BENET, Stephen Vincent
Daty związane z nazwą (1898-1943)
245 10 - TYTUŁ/ODPOWIEDZIALNOŚĆ
Tytuł John Brown's Body /
Pozostałe elementy strefy tytułu i oznaczenia odpowiedzialności Stephen Vincent Benet ; illustrated by Fritz Kredel and Warren Chappel.
260 ## - STREFA ADRESU WYDAWNICZEGO
Miejsce wydania New York ;
-- Toronto :
Nazwa wydawcy/dystrybutora Rinehart and Company, Inc.,
Data publikacji, dystrybucji/powstania dokumentu 1954.
300 ## - STREFA OPISU FIZYCZNEGO
Objętość 368 pp :
Inne cechy fizyczne drawings ;
Rozmiary 25 cm.
600 19 - HASŁO PRZEDMIOTOWE W FORMIE NAZWY OSOBOWEJ
Nazwa osobowa Brown, John, 1800-1859
651 #9 - HASŁO PRZEDMIOTOWE W FORMIE NAZWY GEOGRAFICZNEJ
Nazwa geograficzna United States
Określnik ogólny Civil War, 1861-1865
655 ## - TERMIN INDEKSOWY - OKREŚLENIE RODZAJU/FORMY DOKUMENTU
Określenie rodzaju/formy dokumentu Poetry
700 1# - HASŁO DODATKOWE - NAZWA OSOBOWA
Nazwa osobowa Chappel, Warren.
Określenie związku między hasłem a opisywanym materiałem ill.
700 1# - HASŁO DODATKOWE - NAZWA OSOBOWA
Nazwa osobowa Kredel, Fritz.
Określenie związku między hasłem a opisywanym materiałem ill.
942 ## - DODATKOWE ELEMENTY (KOHA)
Typ dokumentu Książka
Egzemplarze
Wycofany Status egzemplarza Uszkodzony Dostępność Lokalizacja stała Lokalizacja bieżąca Miejsce przechowywania Sygnatura Kod kreskowy Typ dokumentu
      Dostępny Biblioteka Politechniki Koszalińskiej Biblioteka Politechniki Koszalińskiej Wypożyczalnia Językowa KA 5607 09084797 Książka
© 2023 Biblioteka Politechniki Koszalińskiej :: KOHA